Las siete tragedias

Guardat en:
Dades bibliogràfiques
Autor principal: Esquilo (autor)
Format: Llibre
Idioma:espanyol
Publicat: Ciudad de México Editorial Porrúa 2011
Edició:27a. ed
Col·lecció:Sepan Cuantos..., 11
Matèries:
Etiquetes: Afegir etiqueta
Sense etiquetes, Sigues el primer a etiquetar aquest registre!

MARC

LEADER 00000cam a2200000 a 4500
001 UCD8325
003 CL-VaPUC
008 170508e20110000mx |||||||||||||||||spa|d
020 |a 9789700772462 
020 |a 978970077029X 
082 0 4 |a 882  |b ESQ  |2 21 
100 |a Esquilo  |e autor   |9 269410 
245 1 4 |a Las siete tragedias 
250 |a 27a. ed 
300 |a 219 p 
942 |c BK 
945 |d 20170508 01:31:00  |a arojas 
260 |a Ciudad de México  |b Editorial Porrúa  |c 2011 
500 |a Las suplicantes 
500 |a Los persas 
500 |a Los siete contra Tebas 
500 |a Prometeo encadenado 
500 |a Trilogía de Orestes: I. Agamennon. II. Coeforas. III. Eumenides 
650 7 |a DRAMAS GRIEGOS  |2 CL-VaPUC  |9 592043 
650 7 |a LITERATURA GRIEGA  |2 CL-VaPUC  |9 258054 
583 |a last modification  |c 20170508 01:31:00  |k Rodrigo Vera 
490 0 |a Sepan Cuantos..., 11 
999 |c 367907  |d 367905 
952 |0 0  |1 0  |3 erb  |4 0  |6 882_000000000000000_ESQ_2011  |7 0  |8 A  |9 483081  |a BIBHIS  |b BIBHIS  |i 5374901  |l 2  |m 2  |o 882 ESQ 2011  |p 5374901  |r 2025-01-20  |s 2023-05-16  |w 2019-11-24  |y BK  |z Catalogado en:20170508  |k HIS